00615nam a2200181 a 450000100100000000500170001000800410002704000250006810000340009324000290012724500450015626000470020130000210024849000180026983000240028795201050031199900170041600004413220201002045152.0140516s1970 sp 000 0 spa d aDO-SdBNPbspacBNPHU1 aFuster, Joad1922-199297213710aDiccionari per a ociosos10aDiccionario para ociosos /cJoan Fuster. aBarcelona :bEdiciones Penínsila,c1970. a203 p. ;c19 cm.1 aIbéricav19 0aIbéricav1999187 001050718MOaGRbGRcCTd2014-05-16iLF1l0o p44132-10r2020-06-25w2020-06-25y1ZNo se presta c43621d43621